000 02523nam a2200373Ii 4500
001 CRC0KE22930PDF
003 BD-DhSAU
005 20151012144303.0
006 m|||||o||d||||||||
007 cr||||
008 130918s2014 flua ob 001 0 eng d
020 _a9781466584563 (ebook : PDF)
040 _aBD-DhSAU
_beng
_cBD-DhSAU
_erda
090 _aRS164
_b.R326 2014
092 _a615.1
_bR172
100 1 _aRamesh, Santhanam,
_d1979-
_eauthor.
245 1 0 _aFreshwater phytopharmaceutical compounds /
_cSanthanam Ramesh, Rajan Rajabalaya, Ramasamy Santhanam.
264 1 _aBoca Raton :
_bCRC Press,
_c[2014]
300 _a1 online resource :
_btext file, PDF
336 _atext
_2rdacontent
337 _acomputer
_2rdamedia
338 _aonline resource
_2rdacarrier
504 _aIncludes bibliographical references and index.
505 0 _achapter 1. Introduction -- chapter 2. Antimicrobial compounds -- chapter 3. Antiprotozoal compounds -- chapter 4. Antihelmintic compounds -- chapter 5. Antiviral compounds -- chapter 6. Anticancer compounds -- chapter 7. Antioxidant compounds -- chapter 8. Anti-inflammatory and analgesic compounds -- chapter 9. Antidiabetic compounds -- chapter 10. Anticoagulant compounds -- chapter 11. CNS disorders -- chapter 12. Miscellaneous compounds.
520 _a"Freshwater ecosystems are known for their key role as enhancers of oxygen and water quality and providers of habitat and food to the associated fauna. The bioactive compounds or secondary metabolites such as antibiotics, mycotoxins, alkaloids, phenolic compounds and growth compounds have been reported to show various activities ranging from antimicrobial and antiviral to cytotoxicity and immunomodulation. They serve as sources of valuable pharmaceutical compounds in the development of modern drugs. Taking a comprehensive look at freshwater pharmaceutical compounds, this book presents about 120 species of biomedically important aquatic plants and their pharmaceutical compounds"--
_cProvided by publisher.
530 _aAlso available in print format.
650 0 _aMateria medica, Vegetable.
650 0 _aFreshwater plants
_xTherapeutic use.
655 7 _aElectronic books.
_2lcsh
700 1 _aRajabalaya, Rajan,
_eauthor.
700 1 _aSanthanam, Ramasamy,
_d1946-
_eauthor.
776 0 8 _iPrint version:
_z9781466584556 (hardback)
856 4 0 _uhttp://marc.crcnetbase.com/isbn/9781466584563
_qapplication/PDF
999 _c11496
_d11495